[Event "Lovfalds 15th C"]
[Site "Ringsted"]
[Date "2001.09.15"]
[Round "3"]
[White "Simonsen, Per"]
[Black "Jacobsen, Christoffer"]
[Result "1-0"]
[WhiteElo "1853"]
[BlackElo "1718"]
[PlyCount "57"]
[EventDate "2001.09.14"]
[EventType "tourn"]
[EventRounds "5"]
[EventCountry "DEN"]
[SourceTitle "EXT 2023"]
[Source "ChessBase"]
[SourceDate "2022.10.05"]
[SourceVersion "1"]
[SourceVersionDate "2022.10.05"]
[SourceQuality "1"]

1. d4 Nf6 2. c4 g6 3. Nc3 Bg7 4. e4 d6 5. f3 0-0 6. Nge2 e5 7. Bg5 Nbd7 8. Qd2 c6 9. d5 c5 10. g4 a6 11. h4 Qa5 12. h5 Re8 13. Ng3 Rb8 14. Bh6 Bxh6 15. Qxh6 Nf8 16. g5 Nxh5 17. Rxh5 b5 18. Rh2 b4 19. Nd1 b3+ 20. Nc3 bxa2 21. Rxa2 Qd8 22. Be2 Re7 23. Bd1 f5 24. exf5 Bxf5 25. Nce4 Bxe4 26. Nxe4 Rb4 27. b3 a5 28. Nf6+ Kh8 29. Bc2 1-0